Engineering Materials (Record no. 607)

000 -LEADER
fixed length control field 00412nam a2200157 4500
008 - FIXED-LENGTH DATA ELEMENTS--GENERAL INFORMATION
fixed length control field 191030b ||||| |||| 00| 0 eng d
082 00 - DEWEY DECIMAL CLASSIFICATION NUMBER
Classification number 620.1
Item number J925
100 ## - MAIN ENTRY--PERSONAL NAME
Personal name Judge, Arthur W.
9 (RLIN) 110
245 10 - TITLE STATEMENT
Title Engineering Materials
250 ## - EDITION STATEMENT
Edition statement 2nd ed.
260 ## - PUBLICATION, DISTRIBUTION, ETC. (IMPRINT)
Place of publication, distribution, etc London
Name of publisher, distributor, etc Pitman
Date of publication, distribution, etc 1947
300 ## - PHYSICAL DESCRIPTION
Extent xi, 624 p.
490 0# - SERIES STATEMENT
Volume number/sequential designation Vol. 3 / The Testing of Materials
650 #0 - SUBJECT ADDED ENTRY--TOPICAL TERM
Topical term or geographic name as entry element Materials
942 ## - ADDED ENTRY ELEMENTS (KOHA)
Source of classification or shelving scheme
Item type Books
Holdings
Withdrawn status Lost status Source of classification or shelving scheme Damaged status Not for loan Permanent location Current location Date acquired Full call number Barcode Date last seen Koha item type
          IMU Kolkata IMU Kolkata 1952-10-10 620.1 J925 00031 2019-10-30 Books
Designed and Maintained by IMU-KC Library, Kolkata Campus © Copyright All Rights Reserved

webs counters

Powered by Koha